000 00816nam a2200205Ia 4500
008 0000001991 mX a 0000000000spa00
090 _aPSP00 D87j1
100 1 _aDuran, Joan
_d1947
245 1 0 _aJoan Duran ; meridian
_c/ fotografías Jesús Sánchez Uribe ... [et al.]
300 _a[38] p.
_c/ 28 cm.
500 _aExposición realizada en el Museo Universitario del Chopo, México, AbrilJunio, 1991 \ Con el patronazgo del maestro venezolano Jesús Rafael Soto (q.e.p.d.)
600 0 0 _aDURAN, JOAN, 1947 /
_xTRABAJOS PICTORICOS
650 1 4 _aARTE CONTEMPORANEO ESPAÑOL
650 1 4 _xCATALOGOS
650 1 4 _xEXPOSICIONES
650 1 4 _aPINTORES ESPAÑOLES
650 1 4 _aPINTURA ESPAÑOLA
700 1 _aSánchez Uribe, Jesús
999 _c2150
_d2150
260 _aMéxico : Universidad Nacional Autónoma
_c1991